[Event "40th TCh-GRE 2012"]
[Site "Achaea GRE"]
[Date "2012.06.30"]
[Round "1.5"]
[White "Androni,Dimitra"]
[Black "Markaki,S"]
[Result "1/2-1/2"]
[WhiteElo "1561"]
[BlackElo "1625"]

1.e4 c5 2.Nc3 Nc6 3.Bb5 Nd4 4.Be2 d6 5.d3 Nf6 6.Be3 a6 7.a4 b6 8.f4 Bb7 9.Nf3 Nxe2
10.Qxe2 e6 11.O-O Be7 12.Qf2 Ng4 13.Qd2 Nxe3 14.Qxe3 O-O 15.Ne2 Qc7 16.Ng3 Rfd8
17.f5 Bf6 18.c3 exf5 19.Nxf5 Re8 20.Ng5 Qd8 21.Nh3 d5 22.Qg3 Bc6 23.e5 Rxe5
24.Nh6+ Kf8 25.Rxf6 Qxf6 26.Ng4 Rg5 27.Nxg5 Qxg5 28.Qd6+ Qe7 29.Qxc6 Re8
30.Qxd5 g6 31.Qf3 Kg7 32.Rf1 f5 33.Nf2 Qd7 34.Qf4 Re2 35.b4 Ra2 36.bxc5 bxc5
37.Qe5+ Kg8 38.Qxc5 Rxa4 39.c4 Ra2 40.Rb1 Qe8 41.Qd5+ Kg7 42.c5 Ra5 43.Qb7+ Kh6
44.d4 Rb5 45.c6 Qe3 46.h3 Qf4 47.Rf1 Qxd4 48.Qxa6 Rb6 49.Qa7 Qc5 50.Qd7 Rxc6
51.Qd2+ Kg7 52.Rd1 Kf6 53.h4 Rc7 54.Qd8+ Kf7 55.Qd5+ Qxd5 56.Rxd5 Ke6 57.Ra5 Rc4
58.g3 Rc7 59.Nd3 Re7 60.Nf4+ Kd6 61.h5 g5 62.Rd5+ Kc6 63.Rxf5 gxf4 64.Rxf4 Rg7
65.Kf2 Kd6 66.g4 Ke5 67.Rf5+ Ke4 68.Kg3 Rd7 69.Rf6 Ke5 70.Rf8 Ke6 71.Kf4 Rg7
72.g5 Ke7 73.Ra8 Rf7+ 74.Ke5 Rg7 75.Ra7+ Kf8 76.Rxg7 Kxg7 77.Ke6 h6 78.g6 Kg8
79.Kf5 Kg7 80.Ke5 Kg8 81.Kf6 Kh8 82.Ke7 Kg7 83.Kd7 Kg8 84.Ke6 Kg7 85.Ke7 Kg8
86.Ke6 Kg7 87.Ke7 Kg8 88.Kf6 Kh8 89.Kf7  1/2-1/2

[Event "40th TCh-GRE 2012"]
[Site "Achaea GRE"]
[Date "2012.06.30"]
[Round "1.2"]
[White "Pavlidis,Ant"]
[Black "Sgouros,A"]
[Result "1-0"]
[WhiteElo "2446"]
[BlackElo "2032"]

1.e4 c5 2.Nf3 Nc6 3.Nc3 d6 4.d4 cxd4 5.Nxd4 e5 6.Nde2 Nf6 7.Bg5 Be6 8.Nd5 Bxd5
9.exd5 Nb8 10.Ng3 Nbd7 11.c3 a6 12.Qf3 h6 13.Be3 g6 14.h4 h5 15.Bg5 Be7 16.Be2 Qa5
17.O-O Qxd5 18.Qxd5 Nxd5 19.Bf3 Bxg5 20.hxg5 Nf4 21.Bxb7 Ra7 22.Bc6 Rc7 23.Bxd7+ Kxd7
24.Rfd1 Ke6 25.Rd2 h4 26.Ne4 d5 27.Nf6 Rb8 28.Rad1 Rc5 29.f3 a5 30.Re1 Rcb5
31.b3 Kf5 32.Ng4 Re8 33.Nh6+ Ke6 34.Rd4 Nh5 35.f4 e4 36.c4 Rc5 37.cxd5+ Kd7
38.Ng4 Rc2 39.d6 Nxf4 40.Nf6+ Kd8 41.Nxe8 h3 42.Rdxe4 Rxg2+ 43.Kh1 Nd3 44.R1e2 Nf2+
45.Rxf2 Rxf2 46.Nf6  1-0

[Event "40th TCh-GRE 2012"]
[Site "Achaea GRE"]
[Date "2012.06.30"]
[Round "1.3"]
[White "Kotronias,V"]
[Black "Spyropoulos,Ge"]
[Result "1-0"]
[WhiteElo "2595"]
[BlackElo "2172"]

1.e4 c5 2.Nc3 Nc6 3.Nf3 g6 4.Bb5 Bg7 5.O-O Nf6 6.Re1 O-O 7.e5 Ng4 8.Bxc6 dxc6
9.d3 Nh6 10.h3 Nf5 11.Bf4 Be6 12.Ne4 b6 13.c3 Bh6 14.Qd2 Bxf4 15.Qxf4 Kg7
16.d4 c4 17.g4 Nh6 18.Nfg5 Bd5 19.Ng3 a5 20.Re2 Ra7 21.Kh2 Qc8 22.Rae1 Rb7
23.f3 b5 24.N3e4 b4 25.Nf6 Rh8 26.Rg2 Qd8 27.Nh5+ Kf8 28.e6 f5 29.Re5 Qd6
30.Ne4 Bxe4 31.Qxh6+ Ke8 32.Ng7+ Kd8 33.fxe4 Rb5 34.Nxf5  1-0

[Event "20th Montcada Open"]
[Site "Montcada i Reixac ESP"]
[Date "2012.06.30"]
[Round "6.7"]
[White "Cornette,M"]
[Black "Fernandez Cardoso,A"]
[Result "1-0"]
[WhiteElo "2552"]
[BlackElo "2437"]

1.e4 c5 2.Nf3 Nc6 3.Nc3 Nf6 4.Bb5 Qc7 5.d3 Nd4 6.Ba4 e6 7.O-O Ng4 8.g3 Nxf3+
9.Qxf3 Ne5 10.Qe2 a6 11.f4 Nc6 12.Bxc6 Qxc6 13.f5 Be7 14.Qh5 Bf6 15.fxe6 dxe6
16.e5 g6 17.Qe2 Bg7 18.Bg5 b6 19.Ne4 O-O 20.Bf6 Bb7 21.Rf4 Qd7 22.Bxg7 Kxg7
23.Nf6 Qc6 24.Re4 Rad8 25.Qe3 Rd4 26.Ng4 Kh8 27.Qh6 Rg8 28.Nf6 Rg7 29.Nxh7  1-0

[Event "XXI Adolf Anderssen Mem Prelim"]
[Site "Wroclaw POL"]
[Date "2012.06.30"]
[Round "5"]
[White "Cajbel,M"]
[Black "Hnydiuk,A"]
[Result "0-1"]
[WhiteElo "2222"]
[BlackElo "2427"]

1.e4 c5 2.Nc3 Nc6 3.Bb5 Nd4 4.Bc4 e6 5.Nge2 a6 6.a4 Nf6 7.O-O d5 8.exd5 exd5
9.Ba2 Bg4 10.f3 Nxe2+ 11.Qxe2+ Be6 12.f4 Be7 13.f5 Bc8 14.d3 d4 15.Ne4 O-O
16.Bd2 Bd7 17.Rae1 Bxa4 18.Bf4 Nxe4 19.Qxe4 Bh4 20.Re2 Bc6 21.Qe5 Re8 22.Be6 fxe6
23.fxe6 Qd5  0-1

[Event "40th TCh-GRE 2012"]
[Site "Achaea GRE"]
[Date "2012.07.01"]
[Round "3.12"]
[White "Diasakos,S"]
[Black "Pappelis,D"]
[Result "0-1"]
[WhiteElo "1623"]
[BlackElo "2042"]

1.e4 c5 2.Nc3 Nc6 3.Bb5 g6 4.Bxc6 dxc6 5.d3 Bg7 6.f4 Nf6 7.Nf3 O-O 8.O-O b6
9.Qe1 c4 10.f5 cxd3 11.Qh4 h5 12.fxg6 fxg6 13.Bg5 dxc2 14.e5 Nd5 15.Nxd5 Qxd5
16.Bxe7 Rf7 17.Bd6 Ba6 18.Rfe1 Re8 19.Qg3 Bd3 20.Ng5 Rf5 21.Nh3 Rf7 22.Ng5 Qd4+
23.Kh1 Rf5 24.Nh3 h4 25.Qe3 Rf1+ 26.Ng1  0-1

[Event "20th Montcada Open"]
[Site "Montcada i Reixac ESP"]
[Date "2012.07.01"]
[Round "7.7"]
[White "Lorenzo de la Riva,L"]
[Black "Libiszewski,F"]
[Result "1-0"]
[WhiteElo "2422"]
[BlackElo "2495"]

1.e4 c5 2.Nf3 Nc6 3.Nc3 d6 4.d4 cxd4 5.Nxd4 e5 6.Nf3 Be7 7.Bc4 Be6 8.Bb3 Nf6
9.Bg5 O-O 10.O-O Ng4 11.Bxe7 Qxe7 12.Nd5 Bxd5 13.Qxd5 Rac8 14.c3 Rfd8 15.Rfe1 Nf6
16.Qb5 a6 17.Qe2 Na5 18.Rad1 b5 19.Bd5 Nc4 20.Rd3 Nd7 21.h3 Nc5 22.Rdd1 Na4
23.Rb1 h6 24.Nh2 Nab6 25.Red1 Rc5 26.Bxc4 Nxc4 27.Rd3 Qb7 28.Rbd1 b4 29.b3 Na5
30.c4 Qb6 31.Qd2 Nb7 32.Ng4 Kf8 33.Ne3 a5 34.Nf5 Rc6 35.Rg3 Nc5 36.Rxg7 Nxe4
37.Rh7 Ke8 38.Qe2 Ng5 39.Qxe5+  1-0

[Event "NIKI Open 2012"]
[Site "Nachod CZE"]
[Date "2012.07.01"]
[Round "2.30"]
[White "Zilava,Katerina"]
[Black "Gorecki,J"]
[Result "0-1"]
[WhiteElo "1421"]
[BlackElo "1869"]

1.e4 c5 2.Nc3 Nc6 3.Nf3 e5 4.Bc4 Be7 5.d3 Nf6 6.Be3 d6 7.h3 Nd4 8.Nd5 Nxd5
9.Bxd5 O-O 10.c3 Ne6 11.d4 Qc7 12.O-O Rb8 13.Qd2 b6 14.Rac1 h6 15.Bxh6 gxh6
16.Qxh6 Ng7 17.Ng5 Bxg5 18.Qxg5 Be6 19.dxe5 dxe5 20.Rcd1 Bxd5 21.Rxd5 Rbd8
22.Rfd1 Rxd5 23.Rxd5 f6 24.Qg4 Rd8 25.Qd1 Rxd5 26.Qxd5+ Qf7 27.g4 Ne6 28.h4 Nf4
29.Qxf7+ Kxf7 30.Kh2 Nd3 31.Kg3 Nxb2 32.f4 Na4 33.fxe5 fxe5 34.g5 Nxc3 35.Kg4 Nxe4
36.Kf5 Ng3+ 37.Kxe5 c4 38.Kd4 b5 39.a3 Nf5+ 40.Kc3 Nxh4 41.Kb4 a6 42.Kc3 Nf3
43.Kb4 Nxg5 44.a4 Ne4 45.a5 Ke6 46.Ka3 Kd5 47.Kb4 Kd4 48.Ka3 Kc5 49.Kb2 Kb4
50.Ka2 Kxa5 51.Ka3 b4+ 52.Kb2 Kb5 53.Ka2 a5 54.Kb2 a4 55.Ka2 c3 56.Kb1 b3
57.Ka1 Kc4 58.Kb1 Kd3 59.Ka1 a3 60.Kb1 c2+  0-1

[Event "ch-Pan Americano U20 2012"]
[Site "Sao Paulo BRA"]
[Date "2012.07.01"]
[Round "4.8"]
[White "Cuellar,Di"]
[Black "Principe,A"]
[Result "0-1"]
[WhiteElo "2272"]
[BlackElo "2154"]

1.e4 c5 2.Nc3 Nc6 3.Bb5 g6 4.f4 Bg7 5.Nf3 Nd4 6.Nxd4 cxd4 7.Ne2 Qb6 8.Bd3 e6
9.O-O Ne7 10.f5 Be5 11.a4 a6 12.Qe1 f6 13.Qf2 Qd6 14.Qh4 h5 15.b3 g5 16.Qh3 exf5
17.Ba3 Qe6 18.exf5 Qc6 19.Bb2 Qc5 20.Qf3 Qd6 21.Kh1 Kf7 22.Rfe1 Nc6 23.Ba3 Qc7
24.c3 dxc3 25.Bc4+ d5 26.Bxd5+ Kg7 27.d4 Bd6 28.Bxd6 Qxd6 29.Bxc6 bxc6 30.Nxc3 Ra7
31.Ne4 Qd5 32.Rac1 Bxf5 33.Rc5 Bxe4 34.Rxe4 Qd6 35.h4 g4 36.Qe2 Rd7 37.Qxa6 Qg3
38.Qxc6 Qxh4+ 39.Kg1 Rxd4 40.Rd5 Rxe4 41.Rd7+ Kh6 42.Qxe4 Qg5 43.Rc7 h4 44.Kh2 h3
45.gxh3 Qd2+ 46.Kg3 gxh3 47.Qh4+ Kg6 48.Qe4+ Kh6 49.Qh4+ Kg6 50.Qe4+ Kh6
51.Rc2 Qg5+ 52.Kh2 Rg8 53.Qf3 Qe5+ 54.Kxh3 Rg5 55.Rf2 f5 56.Qf4 Qh8  0-1

[Event "ch-Pan Americano U20 2012"]
[Site "Sao Paulo BRA"]
[Date "2012.07.01"]
[Round "5.5"]
[White "Santiago,Y"]
[Black "Caetano,Hugo Zanotti Mendonca"]
[Result "1-0"]
[WhiteElo "2345"]
[BlackElo "2070"]

1.e4 c5 2.Nf3 Nc6 3.Nc3 g6 4.d4 cxd4 5.Nxd4 Bg7 6.Be3 Nf6 7.Bc4 O-O 8.Bb3 Qa5
9.O-O Ng4 10.Qxg4 Nxd4 11.Nd5 Nc6 12.c3 e6 13.Nf4 d5 14.exd5 e5 15.Qf3 exf4
16.dxc6 fxe3 17.cxb7 exf2+ 18.Rxf2 Bxb7 19.Qxb7 Rab8 20.Qd5 Qb6 21.Rf1 Rbd8
22.Qg5 Kh8 23.Kh1 f5 24.Rf3 Bf6 25.Qc1 Be5 26.Re1 Qc7 27.Qh6 Bg7 28.Qe3 Bf6
29.Rh3 Qg7 30.Qf4 Rd7 31.Rhe3 Rdd8 32.Re6 Qd7 33.c4 a5 34.c5 Rc8 35.Qc4 Bxb2
36.Rd1 Qa7 37.c6 Rc7 38.Qh4 Qc5 39.Rd7 Rxd7 40.cxd7 Qc1+ 41.Re1 Qd2 42.Rd1 Qxd1+
43.Bxd1 Bf6 44.Qxf6+  1-0

[Event "XXI Adolf Anderssen Mem KO"]
[Site "Wroclaw POL"]
[Date "2012.07.01"]
[Round "3.1"]
[White "Toma,K"]
[Black "Ulms,S"]
[Result "1-0"]
[WhiteElo "2303"]
[BlackElo "2139"]

1.e4 c5 2.Nf3 Nc6 3.Nc3 g6 4.d4 cxd4 5.Nxd4 Bg7 6.Be3 d6 7.Bc4 Nf6 8.Bb3 Ng4
9.Nxc6 bxc6 10.Bd2 O-O 11.O-O Ne5 12.h3 Ba6 13.Re1 Nc4 14.Bc1 Qc8 15.a4 Rd8
16.a5 Qb7 17.Ra4 d5 18.exd5 cxd5 19.Qf3 Rac8 20.Bg5 Rd7 21.h4 h6 22.Bc1 e6
23.h5 g5 24.Qg3 Qc7 25.f4 gxf4 26.Bxf4 Qc5+ 27.Kh1 Kh8 28.Bxc4 dxc4 29.Qh4 Bb7
30.Raa1 Rg8 31.Ne4 Qf5 32.Nd6 Qxc2 33.Nxb7 Rxb7 34.Rac1 Qf5 35.Rxc4 Rxb2
36.Rc7 Bf6 37.Qxf6+ Qxf6 38.Be5 Qxe5 39.Rxe5 Rgxg2 40.Rxf7 Rh2+ 41.Kg1 Ra2
42.Rf6 Rhg2+ 43.Kf1 Kg8 44.Rfxe6 Rgf2+ 45.Kg1 Rg2+ 46.Kh1 Rg5 47.Re7 Rxa5
48.Re8+  1-0

[Event "40th TCh-GRE 2012"]
[Site "Achaea GRE"]
[Date "2012.07.02"]
[Round "4.10"]
[White "Karathanasi,Eirhnh"]
[Black "Drakoulakos,Grigorios"]
[Result "0-1"]
[WhiteElo "1372"]
[BlackElo "1736"]

1.e4 c5 2.Nc3 Nc6 3.Bb5 Nd4 4.Bc4 e6 5.d3 Ne7 6.f4 Nec6 7.Nf3 Be7 8.O-O O-O
9.Nxd4 Nxd4 10.Ne2 d5 11.Nxd4 dxc4 12.Ne2 cxd3 13.cxd3 b6 14.f5 exf5 15.exf5 Bf6
16.Ng3 Bb7 17.Rb1 Qd5 18.Ne4 Qd4+ 19.Nf2 Rad8 20.Kh1 Ba6 21.Qf3 Bxd3 22.Rd1 c4
23.Be3 Qd5 24.Qxd5 Rxd5 25.Nxd3 cxd3 26.g4 Re8 27.Bd2 Re2 28.b3 Be5  0-1

[Event "40th TCh-GRE 2012"]
[Site "Achaea GRE"]
[Date "2012.07.02"]
[Round "4.4"]
[White "Pramateftaki,Loukia"]
[Black "Dalipis,Nikolaos"]
[Result "0-1"]
[WhiteElo "1334"]
[BlackElo "1544"]

1.e4 c5 2.Nf3 Nc6 3.Nc3 d6 4.Bb5 Bd7 5.O-O e6 6.d3 Nf6 7.a3 Be7 8.Bd2 O-O
9.Ne1 d5 10.f4 Qb6 11.Kh1 d4 12.e5 dxc3 13.exf6 cxd2 14.fxe7 Rfe8 15.Qxd2 Qxb5
16.b3 Nxe7 17.a4 Qb6 18.Nf3 Nd5 19.Ne5 Bc6 20.Nxc6 Qxc6 21.Rae1 Qd6 22.Re2 e5
23.Rfe1 f6 24.fxe5 Rxe5 25.Rxe5 fxe5 26.Qg5 Re8 27.Rf1 Rf8 28.Rxf8+ Qxf8
29.h3 Qf1+ 30.Kh2 Qf4+ 31.Qxf4 Nxf4 32.Kg3 Kf7 33.Kf3 Ke6 34.h4 Nd5 35.g3 Nb4
36.c3 Nxd3 37.Ke4 Nc1 38.b4 cxb4 39.cxb4 Na2 40.b5 Nc3+ 41.Kd3 Nxa4 42.g4 Nc5+
43.Ke2 a6 44.bxa6 bxa6 45.h5 a5 46.Kd2 a4 47.Kc2 a3 48.Kb1 e4 49.Ka2 e3 50.Kxa3 e2
51.Kb4 Kd5 52.Kb5 e1=Q  0-1

[Event "40th TCh-GRE 2012"]
[Site "Achaea GRE"]
[Date "2012.07.02"]
[Round "4.10"]
[White "Papageorgiou,Fotini"]
[Black "Androni,Dimitra"]
[Result "1/2-1/2"]
[WhiteElo "1355"]
[BlackElo "1561"]

1.e4 c5 2.Nc3 Nc6 3.Bb5 g6 4.d3 Bg7 5.Bxc6 bxc6 6.f4 e6 7.Nf3 d5 8.O-O Ne7
9.Qe1 Ba6 10.Rf2 O-O 11.Kh1 d4 12.Ne2 f5 13.Ng5 Bc8 14.Rf3 h6 15.Nh3 Kh7
16.Nhg1 Bd7 17.Ng3 Ng8 18.e5 Ne7 19.Nf1 Rh8 20.Nh3 Kg8 21.Nd2 Nd5 22.Nc4 Bf8
23.Qg3 Be8 24.a3 a5 25.Ng1 Be7 26.Qe1 Qc7 27.Nh3 a4 28.Qf1 Nb6 29.Nd2 Rb8
30.Qe1 Nd5 31.Nc4 Nb6 32.Nd2 Qd8 33.Nc4 Nxc4 34.dxc4 Qb6 35.Qf1 Rd8 36.Rb1 Qa6
37.Bd2 Rh7 38.Rc1 Bf8 39.Nf2 Rb7 40.Rb1 Rdb8 41.Bc1 Be7 42.Rh3 Kg7 43.Nd1 Bd8
44.Rf3 Ba5 45.Rg3 Rd7 46.Rf3 Rbd8 47.Qd3 Be1 48.Rf1 Bh4 49.g3 Be7 50.Nf2 Rb7
51.Nd1 Bd7 52.Nf2  1/2-1/2

[Event "NIKI Open 2012"]
[Site "Nachod CZE"]
[Date "2012.07.02"]
[Round "3.9"]
[White "Kulhanek,T"]
[Black "Lizner,M"]
[Result "1-0"]
[WhiteElo "2383"]
[BlackElo "2019"]

1.e4 c5 2.Nc3 Nc6 3.Bb5 Nd4 4.Bc4 e6 5.Nf3 Nxf3+ 6.Qxf3 Ne7 7.O-O Nc6 8.d3 a6
9.Ne2 Be7 10.Bb3 O-O 11.c3 Na5 12.Bc2 e5 13.d4 d6 14.d5 b5 15.b3 Bg5 16.Qh5 Bxc1
17.Raxc1 Bd7 18.f4 f6 19.f5 Be8 20.Qh4 Qe7 21.Kh1 Nb7 22.Ng1 Nd8 23.Nf3 Ra7
24.g4 Kh8 25.Qg3 Nf7 26.h4 h6 27.Rf2 Kg8 28.Rg1 Qd8 29.Bd1 Kh7 30.Qh3 Rh8
31.Rh2 Kg8 32.Qg3 Rb7 33.Qf2 Ra7 34.Rg3 Kf8 35.g5 hxg5 36.hxg5 Rxh2+ 37.Qxh2 fxg5
38.Nxg5 Nxg5  1-0

[Event "40th TCh-GRE 2012"]
[Site "Achaea GRE"]
[Date "2012.07.03"]
[Round "5.14"]
[White "Efthimiatos,G"]
[Black "Papargyriou,A"]
[Result "0-1"]
[WhiteElo "2048"]
[BlackElo "2069"]

1.e4 c5 2.Nf3 Nc6 3.Nc3 Nf6 4.Bb5 a6 5.Bxc6 bxc6 6.e5 Nd5 7.Ne4 d6 8.O-O Bf5
9.d3 e6 10.b3 f6 11.exd6 Bxd6 12.Ba3 Bxe4 13.dxe4 Nc3 14.Qe1 Nb5 15.Bb2 Nd4
16.Qd1 Nxf3+ 17.Qxf3 O-O 18.Rad1 Qc7 19.Qh3 Rfe8 20.Rd3 c4 21.bxc4 Rab8 22.Rb3 Be5
23.Bxe5 Qxe5 24.Qe3 Rxb3 25.cxb3 Rd8 26.Qb6 Rd6 27.Qxa6 h6 28.Qb6 Kh7 29.Qe3 Rd4
30.Re1 Qa5 31.g3 Rd2 32.a4 Qb4 33.Rc1 Rb2 34.Qc3 Qa3 35.b4 Rb3 36.Qa1 Qxb4
37.Rc2  0-1

[Event "Mulhouse WIM 2012"]
[Site "Mulhouse FRA"]
[Date "2012.07.03"]
[Round "2.1"]
[White "Richard,E"]
[Black "Haussernot,C"]
[Result "0-1"]
[WhiteElo "2066"]
[BlackElo "2099"]

1.e4 c5 2.Nc3 Nc6 3.Bb5 d6 4.Bxc6+ bxc6 5.f4 g6 6.Nf3 Bg7 7.O-O e6 8.d3 Ne7
9.Qe1 f5 10.e5 O-O 11.Na4 Nd5 12.Bd2 Ba6 13.exd6 Qxd6 14.Be3 Nxe3 15.Qxe3 Bd4
16.Nxd4 cxd4 17.Qe5 Qxe5 18.fxe5 Rfd8 19.Nc5 Bc8 20.b4 Rd5 21.Rfe1 Kf7 22.Kf2 Ke7
23.Kf3 a5 24.a3 a4 25.Kf4 h6 26.h4 Rd8 27.g4 g5+ 28.hxg5 hxg5+ 29.Kf3 Rh8
30.Rh1 Bd7 31.gxf5 exf5 32.Rxh8 Rxh8 33.Rg1 Rh5 34.Nxa4 Be6 35.Nb6 g4+ 36.Kf2 f4
37.a4 Kd8 38.a5 Kc7 39.Ra1 Rh2+ 40.Kg1 g3 41.Rf1 Bh3 42.Rxf4 Rg2+ 43.Kh1 Rxc2
44.Rf7+ Kd8  0-1

[Event "40th TCh-GRE 2012"]
[Site "Achaea GRE"]
[Date "2012.07.04"]
[Round "6.8"]
[White "Papageorgiou,Fotini"]
[Black "Tsolaki,E"]
[Result "0-1"]
[WhiteElo "1355"]
[BlackElo "1735"]

1.e4 c5 2.Nc3 Nc6 3.Bb5 e6 4.Bxc6 bxc6 5.d3 d5 6.f4 Rb8 7.Nf3 Qb6 8.Qe2 d4
9.Nd1 Nf6 10.Nf2 Qb4+ 11.Qd2 Qxd2+ 12.Nxd2 Ba6 13.O-O Be7 14.h3 O-O 15.Nh1 Nd7
16.Ng3 Bh4 17.Rf3 e5 18.Nf5 Bf6 19.Nb3 c4 20.dxc4 Bxc4 21.Rf2 d3 22.cxd3 Bxb3
23.axb3 Rxb3 24.Rxa7 Rxd3 25.Rd2 Nc5 26.fxe5 Bd8 27.Ra1 Bb6 28.Kh1 Rxd2 29.Bxd2 Nxe4
30.Bc3 Bc5 31.Re1 Nxc3 32.bxc3 Rd8 33.c4 Rd3 34.Nd6 Re3 35.Rxe3 Bxe3 36.Nf5 Bc5
37.g4 g6 38.Nd6 Bd4 39.Kg2 Bxe5 40.Nb7 Kg7 41.Na5 c5 42.Nb3 Bd6 43.Kf3 Kf6
44.Ke4 Ke6 45.g5 Be7 46.h4 Bd6 47.Nd2 Bg3 48.Nf3 f5+ 49.gxf6 Kxf6 50.Kd5 Bf2
51.Ng5 Bxh4 52.Ne4+ Kf5 53.Nxc5 Be7 54.Nd3 h5 55.c5 h4 56.c6 Bd8 57.Kd4 Bb6+
58.Kd5 h3 59.Nf2 h2 60.Nh1 Kf4 61.Kc4 Kf3 62.Kd3 Kg2 63.Ke2 Kxh1 64.Kf1 g5
65.Ke2 Kg2  0-1

[Event "7th Vladimir Dvorkovich Cup"]
[Site "Moscow RUS"]
[Date "2012.07.04"]
[Round "5.14"]
[White "Sanal,V"]
[Black "Abbasov,Amil1"]
[Result "1/2-1/2"]
[WhiteElo "2277"]
[BlackElo "2201"]

1.e4 c5 2.Nf3 Nc6 3.Nc3 g6 4.d4 cxd4 5.Nxd4 Bg7 6.Be3 Nf6 7.Bc4 O-O 8.Bb3 d6
9.h3 Bd7 10.O-O Qa5 11.Nf3 Rac8 12.Qe2 Qh5 13.Rad1 a6 14.Bf4 Be6 15.Nd5 Bxd5
16.exd5 Na5 17.c4 Nxb3 18.axb3 Rfe8 19.Rd3 Qf5 20.Bd2 Qd7 21.Nd4 b5 22.Rc1 Qb7
23.Be3 Nd7 24.Nc6 bxc4 25.bxc4 Qxb2 26.Qd1 Qb7 27.Rb1 Qa8 28.f4 Rxc6 29.dxc6 Qxc6
30.Qc2 Nc5 31.Rd5 Rc8 32.Bxc5 dxc5 33.Qe4 Bd4+ 34.Kh1 Qf6 35.Rd7 Re8 36.Rbb7 Bf2
37.Qf3 Qa1+ 38.Rd1 Qa2 39.Rf1 Bd4 40.Qd3 e6 41.Rb3 Qa4 42.Rfb1 Kg7 43.Rb7 Qa2
44.Rd7 Qf2 45.Rf1 Qa2 46.h4 h5 47.Kh2 Rb8 48.Rf3 Rb1 49.Rxd4 cxd4 50.Qxd4+ Kg8
51.Qd8+ Kg7 52.Qd4+ Kg8 53.Qd8+ Kg7 54.Qd4+ Kg8 55.Qd8+  1/2-1/2

[Event "ch-Pan Americano U20 2012"]
[Site "Sao Paulo BRA"]
[Date "2012.07.04"]
[Round "9.6"]
[White "Espinoza Palomino,W"]
[Black "Zavarce,Oscar Enrique"]
[Result "0-1"]
[WhiteElo "2296"]
[BlackElo "2190"]

1.e4 c5 2.Nf3 Nc6 3.Nc3 g6 4.d4 cxd4 5.Nxd4 Bg7 6.Be3 Nf6 7.Bc4 O-O 8.Bb3 d6
9.f3 Bd7 10.Qd2 Na5 11.h4 Rb8 12.h5 Nxb3 13.Nxb3 b5 14.Bxa7 Rc8 15.Be3 Rc4
16.Bh6 Bxh6 17.Qxh6 e6 18.e5 dxe5 19.O-O-O Qe7 20.Qg5 Bc6 21.Qxe5 b4 22.Ne2 Ba4
23.h6 Rfc8 24.Rd2 Bxb3 25.axb3 R4c5 26.Qf4 Nd5 27.Qd4 e5 28.Qe4 f5 29.Qxd5+ Rxd5
30.Rxd5 Qc7 31.c3 Rd8 32.Rhd1 Rxd5 33.Rxd5 Kf7 34.Rb5 bxc3 35.Nxc3 Kf6 36.b4 Kg5
37.Rc5 Qd6 38.Kc2 Qd4 39.Rc7 Kxh6 40.b5 e4 41.fxe4 fxe4 42.Re7 e3 43.Kb3 Qc5
44.Re6 Kg7 45.b6 Kf7 46.b7 Qa7 47.Re4 Qxb7+ 48.Kc2 h5 49.g3 Qb6 50.Re7+ Kf8
51.Re4 Kg7 52.b4 g5 53.b5 Kg6 54.Rc4 e2 55.Re4 Qf2 56.Nxe2 Kf5 57.Kd3 Qf3+
58.Re3 Qd5+ 59.Nd4+ Kg4 60.Re2 Kxg3 61.Rb2 h4 62.b6 Qb7 63.Rb5 g4 64.Ke3 Kh3
65.Nf5 Qd7 66.Nd4 Qe7+ 67.Kf4 Qf7+ 68.Ke5 Qb7 69.Nf5 g3 70.Rb4 Qb8+ 71.Kd5 Qd8+
72.Kc5 Qc8+  0-1

[Event "86th ch-ARG 2012"]
[Site "La Plata ARG"]
[Date "2012.07.05"]
[Round "2.4"]
[White "Alonso,S"]
[Black "Tobares,L"]
[Result "1/2-1/2"]
[WhiteElo "2516"]
[BlackElo "2242"]

1.e4 c5 2.Nf3 Nc6 3.Nc3 g6 4.d4 cxd4 5.Nxd4 Bg7 6.Be3 Nf6 7.Bc4 O-O 8.Bb3 a5
9.O-O Nxd4 10.Bxd4 d6 11.Re1 Bd7 12.a4 Bc6 13.Nd5 Nd7 14.Bxg7 Kxg7 15.Bc4 Rc8
16.Bf1 Nc5 17.b3 e6  1/2-1/2

[Event "NIKI Open 2012"]
[Site "Nachod CZE"]
[Date "2012.07.05"]
[Round "6.13"]
[White "Kulhanek,T"]
[Black "Groh,Jiri1"]
[Result "1-0"]
[WhiteElo "2383"]
[BlackElo "2054"]

1.e4 c5 2.Nc3 Nc6 3.Bb5 g6 4.Bxc6 dxc6 5.d3 Bg7 6.Be3 b6 7.Qd2 e5 8.f4 Nf6
9.fxe5 Ng4 10.Bg5 Qc7 11.Nf3 Nxe5 12.O-O O-O 13.Bh6 f6 14.Bxg7 Kxg7 15.Kh1 Be6
16.Ne2 Rad8 17.Qc3 Nxf3 18.gxf3 Qe5 19.Qa3 Qc7 20.f4 Bg4 21.Ng3 Rd4 22.f5 g5
23.Rae1 h5 24.b3 h4 25.Ne2 Rd7 26.Nf4 Bxf5 27.exf5 gxf4 28.Qc1 Rd4 29.Qd1 Rh8
30.Re6 Qf7 31.Rg1+ Kf8 32.Rg6  1-0

[Event "35th Barbera Open A"]
[Site "Barbera del Valles ESP"]
[Date "2012.07.06"]
[Round "3.7"]
[White "Navarro Lopez Menchero,D"]
[Black "Munoz Pantoja,M"]
[Result "1/2-1/2"]
[WhiteElo "2230"]
[BlackElo "2496"]

1.e4 c5 2.Nf3 Nc6 3.Nc3 Nf6 4.d4 cxd4 5.Nxd4 e5 6.Ndb5 d6 7.Bg5 a6 8.Na3 b5
9.Nd5 Be7 10.Bxf6 Bxf6 11.c4 b4 12.Nc2 Rb8 13.b3 Bg5 14.g3 O-O 15.h4 Bh6
16.Bh3 Be6 17.Kf1 a5 18.Qh5 Bxd5 19.cxd5 Ne7 20.Kg2 f5 21.Ne3 Bxe3 22.fxe3 Qb6
23.Qe2 f4 24.Rhf1 fxg3 25.Be6+ Kh8 26.Rxf8+ Rxf8 27.Rf1 Rxf1 28.Qxf1 Qd8
29.Qf7 Ng8 30.Kxg3 Nf6 31.Kf3 Qe8 32.Qa7 Qh5+ 33.Kg2 Qe2+ 34.Kg1 h5 35.Qb8+ Kh7
36.Bf5+ g6 37.Qc7+ Kh6 38.Qxd6 Qxe3+ 39.Kg2 Qe2+ 40.Kh3 Qd3+ 41.Kh2 Qc2+
42.Kh3 Qc3+ 43.Kh2 Qd2+ 44.Kh3 Qe3+ 45.Kh2 Qf2+ 46.Kh3 Qf3+ 47.Kh2 Ng4+ 48.Bxg4 Qf4+
49.Kg2 hxg4 50.Qd8 Qxe4+ 51.Kf2 Qd4+ 52.Kg2 Qd2+ 53.Kg1  1/2-1/2

[Event "35th Barbera Open A"]
[Site "Barbera del Valles ESP"]
[Date "2012.07.07"]
[Round "4.34"]
[White "Jareno Badenas,A"]
[Black "Umudova,N"]
[Result "1-0"]
[WhiteElo "2002"]
[BlackElo "2210"]

1.e4 c5 2.Nc3 Nc6 3.Bb5 Nd4 4.Bc4 e6 5.Nge2 a6 6.a4 Ne7 7.O-O Nec6 8.d3 Be7
9.Nxd4 Nxd4 10.Ne2 O-O 11.Nxd4 cxd4 12.f4 f5 13.Rf3 Kh8 14.Rh3 g6 15.g4 fxg4
16.Qxg4 Qe8 17.f5 exf5 18.Rxh7+ Kxh7 19.Qh3+ Kg7 20.Bh6+ Kf6 21.Qh4+  1-0

[Event "5th Open d'Ille et Vilaine"]
[Site "Rennes FRA"]
[Date "2012.07.07"]
[Round "2.4"]
[White "Le Goff,D"]
[Black "Heymes,J"]
[Result "1-0"]
[WhiteElo "2303"]
[BlackElo "1973"]

1.e4 c5 2.Nc3 Nc6 3.Bb5 g6 4.Bxc6 bxc6 5.d3 Bg7 6.Nge2 Nf6 7.O-O O-O 8.Be3 d6
9.Qd2 Ng4 10.Bg5 h6 11.Bh4 Rb8 12.h3 Nf6 13.Rab1 e5 14.f3 Be6 15.Bf2 Qd7
16.f4 exf4 17.Nxf4 Rb7 18.b3 Kh7 19.Nce2 Qe7 20.Rbe1 Bc8 21.Ng3 Rd7 22.Kh1 Re8
23.Be3 d5 24.Qf2 d4 25.Bc1 Qe5 26.Nfe2 Rde7 27.Ng1 Qe6 28.Nf3 Nd7 29.Ne2 Ne5
30.Neg1 Qd6 31.Nxe5 Bxe5 32.Qd2 g5 33.g4 Qg6 34.Rf3 Kg7 35.Ne2 Rh8 36.Ng3 f6
37.Nh5+ Kh7 38.Ref1 Rf8 39.Ba3 Rff7 40.Bxc5 Re6 41.Qf2  1-0

[Event "5th Open d'Ille et Vilaine"]
[Site "Rennes FRA"]
[Date "2012.07.07"]
[Round "3.9"]
[White "Rivalin,K"]
[Black "Bailet,P"]
[Result "0-1"]
[WhiteElo "1988"]
[BlackElo "2426"]

1.e4 c5 2.Nf3 Nc6 3.Nc3 Nf6 4.e5 Ng4 5.Qe2 d6 6.exd6 Qxd6 7.d3 e6 8.g3 Be7
9.Bg2 O-O 10.O-O Nge5 11.Nxe5 Qxe5 12.Qd1 Qd6 13.Re1 b6 14.Bf4 Qd7 15.Qg4 f5
16.Qh5 Bb7 17.Nb5 Rac8 18.Na3 Nd4 19.Re3 Bxg2 20.Kxg2 c4 21.dxc4 Bxa3 22.Rxa3 Qb7+  0-1

[Event "5th Open d'Ille et Vilaine"]
[Site "Rennes FRA"]
[Date "2012.07.07"]
[Round "3.6"]
[White "Otmani,K"]
[Black "Blanchard,Simon"]
[Result "1-0"]
[WhiteElo "2090"]
[BlackElo "1636"]

1.e4 c5 2.Nc3 Nc6 3.Bb5 a6 4.Bxc6 dxc6 5.h3 Nf6 6.Nf3 g6 7.d3 Bg7 8.Be3 b6
9.Qd2 O-O 10.Bh6 a5 11.Bxg7 Kxg7 12.Ne5 Qc7 13.Ng4 Bxg4 14.hxg4 Nxg4 15.O-O-O Qe5
16.f3 Nf6 17.Qh6+ Kh8 18.f4 Qd4 19.g4 Qe3+ 20.Kb1 e5 21.Qh4 Kg7 22.fxe5 Nh5
23.gxh5 g5 24.h6+ Kh8 25.Qh3 Qd4 26.Qf5 Rfe8 27.Qf6+  1-0

[Event "46th Ilmar Raua Memorial"]
[Site "Vaksali EST"]
[Date "2012.07.07"]
[Round "3"]
[White "Anjuhin,A"]
[Black "Kanep,M"]
[Result "1/2-1/2"]
[WhiteElo "2298"]
[BlackElo "2521"]

1.e4 c5 2.Nf3 Nc6 3.Nc3 e6 4.Be2 a6 5.O-O Nd4 6.d3 Ne7 7.Re1 Nec6 8.Bf1 Be7
9.Nxd4 cxd4 10.Ne2 O-O 11.c3 Bf6 12.cxd4 Nxd4 13.Be3 Nxe2+ 14.Qxe2 d6 15.Qd1  1/2-1/2

[Event "35th Barbera Open A"]
[Site "Barbera del Valles ESP"]
[Date "2012.07.08"]
[Round "5.5"]
[White "Guerra Mendez,J"]
[Black "Cordova,E"]
[Result "1/2-1/2"]
[WhiteElo "2428"]
[BlackElo "2584"]

1.e4 c5 2.Nf3 Nc6 3.Nc3 d6 4.d4 cxd4 5.Nxd4 Bd7 6.Be2 Rc8 7.O-O Nf6 8.Bg5 a6
9.Nb3 e6 10.f4 Be7 11.Bxf6 gxf6 12.Kh1 Rg8 13.Bg4 Na5 14.f5 Nxb3 15.axb3 Rc5
16.Qf3 Qc8 17.Qh3 Kd8 18.Na4 Re5 19.c4 Kc7 20.Nc3 Rg7 21.b4 Kd8 22.b3 Ke8
23.Rf4 Qd8 24.Raf1 Kf8 25.fxe6 fxe6 26.Ne2 Qe8 27.Ng3 Kg8 28.Nh5 Rg6 29.Nxf6+ Bxf6
30.Rxf6 Rxf6 31.Rxf6 Rxe4 32.Qg3 Kh8 33.h3 Qe7 34.Qf2 Kg7 35.Rf3 Be8 36.Rd3 Bg6
37.Rd2 b5 38.Bf3 Rf4 39.Qe3 Rf7 40.Qd4+ e5 41.Qc3 bxc4 42.bxc4 Qf6 43.Bd5 e4
44.Qxf6+ Rxf6 45.Re2 Rf1+ 46.Kh2 Rb1 47.Bxe4 Bxe4 48.Rxe4 Rxb4 49.Re6 Rxc4
50.Rxd6 a5 51.Ra6 a4  1/2-1/2

[Event "NIKI Open 2012"]
[Site "Nachod CZE"]
[Date "2012.07.08"]
[Round "9.12"]
[White "Cechura,P"]
[Black "Lizner,M"]
[Result "1-0"]
[WhiteElo "2204"]
[BlackElo "2019"]

1.e4 c5 2.Nc3 Nc6 3.Nf3 d6 4.d4 cxd4 5.Nxd4 a6 6.Be3 Bd7 7.Qd2 Nf6 8.f3 Rc8
9.g4 e6 10.O-O-O Be7 11.h4 Ne5 12.g5 Nh5 13.f4 Nc4 14.Bxc4 Rxc4 15.Rhg1 g6
16.f5 Qc8 17.f6 Bd8 18.Nb3 Bc7 19.Qd3 b5 20.Nd2 Rc6 21.Ne2 d5 22.exd5 Rd6
23.Ne4 Rxd5 24.Qa3 Qd8 25.N2c3 Re5 26.Rxd7 Qxd7 27.Rd1 Rd5 28.Nxd5 exd5 29.Rxd5 Qe6
30.Qc5 Bb6 31.Nd6+  1-0